[Event "56th ch-YUG"]
[Site "Herceg Novi YUG"]
[Date "2001.04.06"]
[Round "13"]
[White "Antic,D"]
[Black "Ilincic,Z"]
[Result "1-0"]
[WhiteElo "2481"]
[BlackElo "2542"]

1.d4 Nf6 2.c4 g6 3.Nc3 Bg7 4.e4 d6 5.Nf3 O-O 6.Be2 e5 7.O-O Nh5 8.Re1 Nf4
9.Bf1 Bg4 10.d5 Qf6 11.Re3 g5 12.h3 Bd7 13.Nh2 h5 14.Be2 Qg6 15.g4 Qh7 16.Rg3 Na6
17.Be3 Nc5 18.Bxc5 dxc5 19.Nf1 f5 20.exf5 e4 21.Nxe4 Rae8 22.Bd3 hxg4 23.hxg4 Rxe4
24.Bxe4 Re8 25.Qf3 Bxb2 26.Rb1 Qh8 27.Ne3 Qd4 28.Bc2 Qd2 29.Rd1 Qa5 30.Rh3 Nxh3+
31.Qxh3 Bf6 32.Qh6 Qc3 33.Qg6+ Kf8 34.Qh6+ Bg7 35.Qxg5 Rxe3 36.fxe3 Qxc2
37.Rf1 Kf7 38.Qh5+ Ke7 39.Qh4+ Kf7 40.Qh5+ Ke7 41.Qh4+ Kf7 42.Qd8 Qa4 43.g5 Bxf5
44.Rxf5+ Kg6 45.Qc8 Qxc4 46.Qe6+ Kh7 47.Rf4 Qc1+ 48.Kg2 Qe1 49.Qe4+ Kg8 50.Qe8+ Kh7
51.Qh5+ Kg8 52.g6  1-0

[Event "Dos Hermanas Internet KO"]
[Site "ICC INT"]
[Date "2001.04.06"]
[Round "1.1"]
[White "Volkov,S"]
[Black "Kochyev,A"]
[Result "0-1"]
[WhiteElo "2564"]
[BlackElo "2424"]

1.d4 Nf6 2.c4 g6 3.Nc3 Bg7 4.e4 d6 5.Be2 O-O 6.Nf3 e5 7.Be3 Nbd7 8.O-O Qe7
9.d5 Ne8 10.Nd2 f5 11.f3 Nef6 12.b4 Kh8 13.Nb5 Ne8 14.c5 a6 15.cxd6 cxd6
16.Nc3 Nef6 17.a4 Nh5 18.Re1 Bf6 19.exf5 gxf5 20.Bd3 e4 21.fxe4 Bxc3 22.Qxh5 f4
23.Bf2 Bxd2 24.e5 Nxe5 25.Rxe5 dxe5 26.d6 Qg7 27.Bxh7 Qxh7 28.Qxe5+ Qg7 29.Qh5+ Kg8
30.Qd5+ Rf7 31.Rf1 Bh3 32.Bg3 Be3+ 33.Kh1 fxg3 34.Rf3 Qa1+ 35.Qd1 Qxd1+ 36.Rf1 Qxf1+  0-1

[Event "TCh-EST"]
[Site "Parnu/Tallinn EST"]
[Date "2001.04.06"]
[Round "?"]
[White "Danilov,N"]
[Black "Seeman,T"]
[Result "0-1"]
[WhiteElo "2179"]
[BlackElo "2427"]

1.d4 Nf6 2.c4 g6 3.Nc3 Bg7 4.e4 d6 5.Nf3 O-O 6.Be2 Na6 7.O-O e5 8.Qc2 Qe8
9.dxe5 dxe5 10.Nd5 Nd7 11.b4 c6 12.b5 cxd5 13.bxa6 dxe4 14.Ng5 Nc5 15.Nxe4 Bf5
16.axb7 Bxe4 17.bxa8=Q Qxa8 18.Qd2 Bxg2 19.Rd1 Ne6 20.f3 Nf4 21.Qe3 Bh6 22.Qe4 Nxe2+
23.Kxg2 Nxc1 24.Rb1 Qxe4 25.fxe4 Rc8 26.Rb7 Rxc4 27.Rd8+ Kg7 28.Rdd7 Bf4
29.Rxf7+ Kh6 30.Rxh7+ Kg5 31.Rbg7 Rc2+ 32.Kf1 Nd3 33.h4+ Kg4  0-1

[Event "TCh-EST"]
[Site "Parnu/Tallinn EST"]
[Date "2001.04.06"]
[Round "?"]
[White "Narva,J"]
[Black "Kovaljov,D"]
[Result "1-0"]
[WhiteElo "2317"]
[BlackElo "2200"]

1.d4 g6 2.c4 Bg7 3.e4 d6 4.Nc3 Nd7 5.Nf3 e5 6.Be2 Ngf6 7.O-O O-O 8.Re1 exd4
9.Nxd4 Nc5 10.Bf1 Re8 11.f3 a5 12.Ndb5 Nfd7 13.Be3 Na6 14.Qd2 Ne5 15.Rad1 Be6
16.b3 Qc8 17.Kh1 Kh8 18.Bd4 f6 19.Nd5 a4 20.f4 Nd7 21.f5 Bxd5 22.cxd5 gxf5
23.exf5 Ne5 24.Qf4 axb3 25.axb3 Qd7 26.Bc3 Nc5 27.Nd4 Rg8 28.b4 Na4 29.Ba1 Nb6
30.Ne6 Bf8 31.Qc1 Rc8 32.b5 Qf7 33.Be2 Na4 34.Qf4 Nc5 35.Nxc5 dxc5 36.Bxe5 fxe5
37.Qxe5+ Bg7 38.Qe6 Rgf8 39.Bg4 Rcd8 40.Qxf7 Rxf7 41.Re4 Bf6 42.Bf3 Rfd7
43.Rc4 b6 44.Re1 Re7 45.Rxe7 Bxe7 46.h4 Ra8 47.Kh2 Kg7 48.Kh3 Ra5 49.Re4 Bf6
50.g4 h6 51.Re6 Ra3 52.Kg3 Kf7 53.Kf4 Be7 54.Rxh6 Bd6+ 55.Ke4 Ra4+ 56.Kd3 c4+
57.Kc2 Be5 58.Rc6 Ra2+ 59.Kd1 c3 60.g5 Rf2 61.Bh5+ Kf8 62.f6 Rd2+ 63.Kc1 Bf4
64.Kb1 Rb2+ 65.Ka1 Be5 66.Re6  1-0

[Event "TCh-EST"]
[Site "Parnu/Tallinn EST"]
[Date "2001.04.06"]
[Round "?"]
[White "Narva,J"]
[Black "Vetemaa,J"]
[Result "1/2-1/2"]
[WhiteElo "2317"]
[BlackElo "2288"]

1.d4 Nf6 2.Nf3 g6 3.c4 Bg7 4.Nc3 O-O 5.e4 d6 6.Be2 e5 7.O-O Nh5 8.dxe5 dxe5
9.Qxd8 Rxd8 10.Bg5 f6 11.Rfd1 Re8 12.Be3 c6 13.g3 Bf8 14.a3 Be6 15.b4 a5
16.c5 Na6 17.Rdb1 axb4 18.axb4 Nc7 19.Ra5 Ng7 20.Nd2 Rxa5 21.bxa5 Bc8 22.Rb6 Na8
23.Bc4+ Ne6 24.Bxe6+ Rxe6 25.Rb1 Nc7 26.Nc4 Re8 27.Nd6 Bxd6 28.cxd6 Na6 29.Na4 Rd8
30.Rd1 Be6 31.Bb6 Rd7 32.Nc5 Nxc5 33.Bxc5  1/2-1/2

[Event "It"]
[Site "Antalya TUR"]
[Date "2001.04.07"]
[Round "9"]
[White "Halkias,S"]
[Black "Popchev,M"]
[Result "1/2-1/2"]
[WhiteElo "2494"]
[BlackElo "2482"]

1.d4 g6 2.c4 Bg7 3.e4 d6 4.Nc3 Nd7 5.Nf3 e5 6.Be2 Ngf6 7.O-O O-O 8.Be3 exd4
9.Nxd4 Re8 10.f3 Nc5 11.Qd2 a6 12.Rad1 Bd7 13.Nb3 Na4 14.Nxa4 Bxa4 15.Bg5 Qb8
16.Kh1  1/2-1/2

[Event "It"]
[Site "Antalya TUR"]
[Date "2001.04.07"]
[Round "9"]
[White "Arduman,C"]
[Black "Kraidman,Y"]
[Result "1/2-1/2"]
[WhiteElo "2375"]
[BlackElo "2334"]

1.d4 Nf6 2.c4 g6 3.Nc3 Bg7 4.e4 d6 5.Nf3 O-O 6.Be2 e5 7.O-O exd4 8.Nxd4 Re8
9.f3 Nc6 10.Be3 Be6 11.Nxe6 Rxe6 12.Qd2 Re8 13.Rfd1 Ne5 14.c5 dxc5 15.Qxd8 Rexd8
16.Bxc5 a6 17.f4 Nc6 18.e5 Nd7 19.Bf2 Nf8 20.Bc4 Rxd1+ 21.Rxd1 Rd8 22.Rxd8 Nxd8
23.Ne4 Nde6 24.g3 Nd7 25.Bxe6 fxe6 26.Ng5 Nf8 27.Bc5 h6 28.Ne4 Nd7 29.Kf2 g5
30.Kf3 gxf4 31.gxf4 Kf7 32.Kg4 b6 33.Be3 Kg6 34.Ng3 Bf8 35.h4 Bc5 36.h5+ Kf7
37.Kf3 Bxe3 38.Kxe3 Nc5 39.Kd4 Nb7 40.f5 Nd8 41.f6 Ke8 42.Ke4  1/2-1/2

[Event "Czech Extra League 2000-1"]
[Site "CZE"]
[Date "2001.04.07"]
[Round "10"]
[White "Banas,J"]
[Black "Sergeev,Vl"]
[Result "0-1"]
[WhiteElo "2348"]
[BlackElo "2485"]

1.c4 g6 2.e4 Bg7 3.d4 d6 4.Nc3 Nf6 5.Be2 O-O 6.Nf3 Nbd7 7.O-O e5 8.d5 h6
9.Ne1 Nh7 10.Nd3 f5 11.exf5 gxf5 12.f4 Qe7 13.Kh1 Kh8 14.Qc2 e4 15.Nf2 c5
16.Be3 Ndf6 17.Rae1 h5 18.h3 h4 19.Nfd1 Bd7 20.a3 Rg8 21.b4 Ne8 22.Qd2 b6
23.Rg1 Bf6 24.Ref1 Rg3 25.Bf2 Bxc3 26.Qxc3+ Rxc3 27.Nxc3 e3 28.Be1 cxb4 29.axb4 a5
30.Nd1 Ba4 31.bxa5 bxa5 32.Rf3 Bxd1 33.Bc3+ Nhf6 34.Rxd1 Kh7 35.Rd3 Ne4 36.Rdxe3 N8f6
37.Kh2 a4 38.Bd4 Kh6 39.Ra3 Qg7 40.Ba1 Rg8 41.g3 Nxg3  0-1

[Event "56th ch-YUG"]
[Site "Herceg Novi YUG"]
[Date "2001.04.07"]
[Round "14"]
[White "Djukic,Ni"]
[Black "Damljanovic,B"]
[Result "1-0"]
[WhiteElo "2389"]
[BlackElo "2561"]

1.d4 d6 2.c4 e5 3.Nf3 Nd7 4.Nc3 Ngf6 5.e4 g6 6.Be2 Bg7 7.O-O O-O 8.Re1 c6
9.Bf1 exd4 10.Nxd4 Re8 11.f3 a6 12.Be3 Ne5 13.Qd2 b5 14.cxb5 axb5 15.b3 b4
16.Na4 Bd7 17.Rad1 d5 18.Bf4 Qa5 19.Nc2 dxe4 20.Qxb4 exf3 21.Qxa5 Rxa5 22.Bxe5 Raxe5
23.Rxe5 f2+ 24.Kxf2 Rxe5 25.Nb6 Bf5 26.Ne3 Ng4+ 27.Nxg4 Bxg4 28.Rd8+ Bf8
29.h3 Be6 30.Bc4 Kg7 31.Bxe6 Bc5+ 32.Kf1 Rxe6 33.Nc4 Rf6+ 34.Ke1 Rf2 35.Rd2 Rf6
36.Rc2 Bd4 37.Ke2 Re6+ 38.Kd3 Ba7 39.Na5 Re3+ 40.Kd2 Rg3 41.Ke1 c5 42.Rd2 Bb8
43.Nb7 c4 44.bxc4 Rc3 45.c5 Bf4 46.Rb2 Be5 47.Re2 Bg3+ 48.Kd2 Ra3 49.Kc1 Ra7
50.c6 Kf8 51.Rc2 Bc7 52.Kb2 Ke7 53.Kb3 Ke6 54.a4 Kd5 55.Kb4 Ra6 56.Rc5+ Ke6
57.a5 f5 58.Rc2 Ra8 59.Rd2 Be5 60.Rd7 h5 61.Kb5  1-0

[Event "It"]
[Site "Antalya TUR"]
[Date "2001.04.08"]
[Round "11"]
[White "Erdogan,H"]
[Black "Arduman,C"]
[Result "1-0"]
[WhiteElo "2299"]
[BlackElo "2375"]

1.d4 Nf6 2.c4 g6 3.Nc3 Bg7 4.e4 d6 5.Nf3 O-O 6.Be2 Na6 7.O-O e5 8.Re1 Qe8
9.Bf1 Bg4 10.d5 Nb4 11.a3 Bxf3 12.gxf3 Na6 13.b4 Nd7 14.Rb1 Qe7 15.Qd2 h6
16.Rb3 f5 17.exf5 Rxf5 18.Ne2 Rh5 19.Ng3 Rh4 20.Qc2 Qf7 21.Re4 Rxe4 22.Qxe4 Re8
23.Qh4 g5 24.Qh3 Rf8 25.Bd3 e4 26.Bxe4 Ne5 27.Bxg5 Qd7 28.Qxd7 Nxd7 29.Be3 Ne5
30.Nh5 Nxc4 31.Nxg7 Kxg7 32.Rc3 Nxe3 33.fxe3 Rf7 34.Kf2 Kf6 35.f4 Nb8 36.b5 a6
37.a4 axb5 38.axb5 Kg7 39.Bg2 Kf8 40.Bf1 b6 41.Bh3 Ke8 42.Be6 Rg7 43.e4 Kd8
44.Rg3  1-0

[Event "Spring Festival Women"]
[Site "Bucharest ROM"]
[Date "2001.04.08"]
[Round "3"]
[White "Glodeanu,I"]
[Black "Popescu,C"]
[Result "1/2-1/2"]
[WhiteElo "2303"]
[BlackElo "2222"]

1.d4 Nf6 2.c4 d6 3.Nc3 g6 4.e4 Bg7 5.Nf3 O-O 6.Be2 e5 7.dxe5 dxe5 8.Qxd8 Rxd8
9.Bg5 c6 10.Nxe5 Re8  1/2-1/2

[Event "Israel Open Ch"]
[Site "Tel Aviv ISR"]
[Date "2001.04.09"]
[Round "1"]
[White "Gershon,A"]
[Black "Shklovski,Vl"]
[Result "1/2-1/2"]
[WhiteElo "2539"]
[BlackElo "2222"]

1.d4 Nf6 2.c4 g6 3.Nc3 Bg7 4.e4 d6 5.Be2 O-O 6.Nf3 e5 7.Be3 Ng4 8.Bg5 f6
9.Bh4 Nc6 10.d5 Ne7 11.Nd2 Nh6 12.Qc2 f5 13.exf5 Nhxf5 14.Bxe7 Qxe7 15.Nde4 Bh6
16.O-O Nd4 17.Qd3 Bf5 18.Rae1 c5 19.Qd1 Rad8 20.Bd3 Qh4 21.f3 Bc8 22.Qb1 Nf5
23.g3 Qe7 24.Kh1 Nd4 25.Qd1 Bh3 26.Rf2 Nf5 27.Rfe2 Nd4 28.Rf2 Nf5 29.Bc2 a6
30.Qd3 Rf7 31.Bd1 Nd4 32.Ne2 Bf5 33.Ng1 Qc7 34.Qc3 b5 35.g4 b4 36.Qd3 Bxe4
37.Rxe4 Rdf8 38.Kg2 Qa5 39.b3 Qd8 40.Nh3 Bf4 41.Kh1  1/2-1/2

[Event "Israel Open Ch"]
[Site "Tel Aviv ISR"]
[Date "2001.04.09"]
[Round "1"]
[White "Zilberman,Y"]
[Black "Liberzon,R"]
[Result "1-0"]
[WhiteElo "2481"]
[BlackElo "2165"]

1.d4 Nf6 2.c4 g6 3.Nc3 Bg7 4.e4 O-O 5.Nf3 d6 6.Be2 e5 7.d5 a5 8.Bg5 Na6 9.Nd2 h6
10.Be3 Nc5 11.a3 Ne8 12.f3 f5 13.b4 Nd7 14.O-O Ndf6 15.c5 Nh5 16.Re1 Rf7
17.Nc4 Bf6 18.cxd6 Nxd6 19.Nxa5 Bh4 20.Nc4 Bxe1 21.Qxe1 f4 22.Bc5 b6 23.Bf2 Re7
24.a4 Kg7 25.Qc1 Nxc4 26.Bxc4 Nf6 27.Qb2 Ne8 28.Ne2 Nd6 29.Bb3 Kh7 30.Nc1 Bd7
31.Nd3 Qe8 32.b5 g5 33.Rc1 Rc8 34.Be1 Qh8 35.Bc3 Nf7 36.Bd1 Ree8 37.Be2 Qf6
38.Bd2 h5 39.Rc2 Qg7 40.Qc1 g4 41.Ne1 Qf6 42.Bb4 Qd8 43.a5 Rg8 44.a6 Ng5
45.a7 gxf3 46.Nxf3 Nxf3+ 47.Bxf3 Bxb5 48.Qa1 c5 49.Bc3 Bd3 50.Ra2 Bc4 51.Ra3 Ra8
52.Bxe5 b5 53.Ra6 b4 54.Rc6 Qg5 55.Bf6 Qg6 56.Rc7+ Kh6 57.Qe5  1-0

[Event "It"]
[Site "Antalya TUR"]
[Date "2001.04.10"]
[Round "13"]
[White "Erdogan,H"]
[Black "Kraidman,Y"]
[Result "0-1"]
[WhiteElo "2299"]
[BlackElo "2334"]

1.d4 Nf6 2.c4 g6 3.Nc3 Bg7 4.e4 d6 5.Nf3 O-O 6.Be2 e5 7.dxe5 dxe5 8.Qxd8 Rxd8
9.Bg5 Re8 10.Nd5 Nxd5 11.cxd5 c6 12.Bc4 cxd5 13.Bxd5 Nc6 14.O-O-O Nb4 15.Kb1 Nxd5
16.Rxd5 Be6 17.Rc5 Rec8 18.Rhc1 Rxc5 19.Rxc5 Rc8 20.Rxc8+ Bxc8 21.Be3 b6
22.b4 f6 23.Kb2 Bf8 24.Kc3 Bd7 25.Nd2 Kf7 26.f3 Ke6 27.Nc4 Bc6 28.a3 f5 29.Nd2 Bd6
30.Kc4 Ba4 31.g3 Kd7 32.exf5 gxf5 33.f4 Bc6  0-1

[Event "39th Doeberl Cup"]
[Site "Canberra AUS"]
[Date "2001.04.13"]
[Round "1"]
[White "Wright,I"]
[Black "Lane,G"]
[Result "0-1"]
[WhiteElo "2130"]
[BlackElo "2456"]

1.d4 Nf6 2.c4 g6 3.Nc3 Bg7 4.e4 d6 5.Nf3 O-O 6.Be2 Nbd7 7.O-O e5 8.Qc2 c6
9.Rd1 exd4 10.Nxd4 Qe7 11.Bf4 Ne5 12.Rab1 Bg4 13.Bxg4 Nfxg4 14.Nce2 a5 15.b3 Nf6
16.a3 Rfd8 17.b4 d5 18.exd5 cxd5 19.c5 Nc4 20.Nb5 Qd7 21.Nec3 Qc6 22.Qd3 Rd7
23.Bd6 Nxa3 24.Nxa3 axb4 25.Rxb4 Rxa3 26.Rb6 Qc8 27.Qd2 d4 28.Nb5 Ra4 29.c6 bxc6
30.Rb8 Qxb8 31.Bxb8 cxb5 32.Qc2 Rc4 33.Qb3 Rc5 34.g3 h5 35.Qb4 Rcd5 36.Bf4 d3
37.Bd2 Ng4 38.Rc1 Ne5 39.Kg2 Nc4 40.Rxc4 bxc4 41.Qxc4 Rd4 42.Qc5 Kh7 43.f3 R4d5
44.Qe3 Re5 45.Qf4 Re2+ 46.Kh3 Rd4 47.Qg5  0-1

[Event "Israel Open Ch"]
[Site "Tel Aviv ISR"]
[Date "2001.04.13"]
[Round "5"]
[White "Gershon,A"]
[Black "Movsziszian,K"]
[Result "0-1"]
[WhiteElo "2539"]
[BlackElo "2508"]

1.d4 g6 2.c4 Bg7 3.Nf3 Nf6 4.Nc3 O-O 5.e4 d6 6.Be2 Na6 7.O-O e5 8.Be3 Ng4
9.Bg5 Qe8 10.dxe5 dxe5 11.Nd2 Bf6 12.h4 h6 13.Bxg4 hxg5 14.Nd5 Qd8 15.Bxc8 Rxc8
16.Nxf6+ Qxf6 17.hxg5 Qxg5 18.Nf3 Qh5 19.Qd5 Rce8 20.Qxb7 Kg7 21.Rfd1 Rh8
22.Kf1 Nc5 23.Qxc7 Nxe4 24.Rd7 Qh1+ 25.Ng1 Ng5 26.Re7 Rxe7 27.Qxe7 Ne6 28.Qd6 Rh5
29.g3 Rf5 30.Qa3 Nd4 31.g4 Nf3 32.Ke2 Rf4 33.Nxf3 Re4+ 34.Kd2 Qxa1  0-1

[Event "Osteropen"]
[Site "Essen-Borbeck GER"]
[Date "2001.04.14"]
[Round "6"]
[White "Curic,D"]
[Black "Brustman,A"]
[Result "0-1"]
[WhiteElo "2218"]
[BlackElo "2347"]

1.d4 Nf6 2.c4 g6 3.Nc3 Bg7 4.e4 d6 5.Nf3 O-O 6.Be2 e5 7.Be3 Ng4 8.Bg5 f6
9.Bc1 Nc6 10.d5 Ne7 11.O-O Nh6 12.b4 Nf7 13.c5 f5 14.Nd2 a5 15.bxa5 Rxa5
16.cxd6 cxd6 17.Nc4 Ra8 18.Be3 fxe4 19.Bb6 Qd7 20.Nxe4 Nf5 21.Qb3 Qe7 22.Qb4 Nd4
23.Bd1 Bf5 24.Ncd2 Bxe4 25.Nxe4 Qh4 26.f4 Nf5 27.g3 Qe7 28.Rc1 Rac8 29.Bf3 exf4
30.gxf4 Nh4 31.Bg4 Nf5 32.Rce1 Qh4 33.h3 Rc2 34.Bf2 Rxf2 35.Nxf2 Qg3+ 36.Kh1 Bc3
37.Ne4 Bxb4 38.Nxg3 Nxg3+ 39.Kg2 Nxf1  0-1

[Event "Open"]
[Site "Metz FRA"]
[Date "2001.04.14"]
[Round "8"]
[White "Sprenger,J"]
[Black "Gallagher,Jo"]
[Result "1-0"]
[WhiteElo "2326"]
[BlackElo "2524"]

1.d4 Nf6 2.c4 g6 3.Nc3 Bg7 4.e4 d6 5.Nf3 O-O 6.Be2 e5 7.O-O Na6 8.Be3 Ng4
9.Bg5 Qe8 10.dxe5 dxe5 11.Nd2 h6 12.Bh4 Nf6 13.Nd5 g5 14.Bg3 c6 15.Ne3 Qe7
16.Qc2 h5 17.f3 h4 18.Bf2 Nh5 19.g3 hxg3 20.hxg3 Rd8 21.Rfd1 Bf8 22.a3 Nc7
23.Kg2 Ne6 24.Nb3 Rxd1 25.Rxd1 Neg7 26.Bd3 Nf6 27.Qe2 Be6 28.Nf5 Bxf5 29.exf5 b6
30.Nd2 Rd8 31.Be3 Nfe8 32.g4 c5 33.Ne4 f6 34.Nc3 Nc7 35.Rh1 Nge8 36.Be4 Bg7
37.Rb1 Nd6 38.Bc6 Nf7 39.b4 cxb4 40.axb4 Qd6 41.Be4 Bf8 42.Qa2 Rd7 43.Rd1 Qe7
44.Rxd7 Qxd7 45.Qxa7 Bxb4 46.Nd5 Nxd5 47.Qxd7 Nxe3+ 48.Kh1 Kg7 49.Bd5 Nxd5
50.cxd5 Bc5 51.Kg2 Kf8 52.Kf1 Kg7 53.Ke2 Kf8 54.Kd3 Nd6 55.Kc2 Nf7 56.Kb3 Nd6
57.Ka4 Nf7 58.Kb5 Nd6+ 59.Kc6 Nf7  1-0

[Event "Israel Open Ch"]
[Site "Tel Aviv ISR"]
[Date "2001.04.14"]
[Round "6"]
[White "Greenfeld,A"]
[Black "Mittelman,G"]
[Result "1-0"]
[WhiteElo "2570"]
[BlackElo "2435"]

1.d4 Nf6 2.c4 g6 3.Nc3 Bg7 4.e4 d6 5.Nf3 O-O 6.Be2 e5 7.O-O Na6 8.Re1 c6
9.Bf1 Bg4 10.d5 cxd5 11.cxd5 Ne8 12.h3 Bd7 13.a4 Nac7 14.Qb3 Bc8 15.Nb5 f5
16.Be3 b6 17.a5 Nxb5 18.Bxb5 f4 19.Bd2 Rb8 20.Rec1 g5 21.Bxe8 Rxe8 22.axb6 Rxb6
23.Qa3 Ra6 24.Ba5 Qf6 25.Qd3 Rxa5 26.Rxa5 a6 27.Rc7  1-0

[Event "32nd Open"]
[Site "Mar del Plata ARG"]
[Date "2001.04.15"]
[Round "9"]
[White "Labollita,M"]
[Black "Fiorito,F"]
[Result "1/2-1/2"]
[WhiteElo "2386"]
[BlackElo "2386"]

1.d4 Nf6 2.c4 d6 3.Nc3 Nbd7 4.e4 e5 5.Nf3 g6 6.Be2 Bg7 7.O-O O-O 8.Be3 exd4
9.Nxd4 Re8 10.f3 c6 11.Nb3 Ne5 12.c5 dxc5 13.Nxc5 Qe7 14.Qa4 b6 15.Na6 Bb7
16.Rad1 Rad8 17.b4 Rxd1 18.Rxd1 Rd8 19.Qb3 Rxd1+ 20.Nxd1 Bf8 21.a3 Qd8 22.b5 cxb5
23.Bxb5 Nfd7 24.Nb4 Nc5 25.Qb1 Bg7 26.Nf2 h5 27.Qd1 Qxd1+  1/2-1/2

[Event "FSIMA April"]
[Site "Budapest HUN"]
[Date "2001.04.16"]
[Round "10"]
[White "Eperjesi,L"]
[Black "Pachow,J"]
[Result "1/2-1/2"]
[WhiteElo "2303"]
[BlackElo "2297"]

1.d4 d6 2.Nf3 Nd7 3.c4 e5 4.Nc3 g6 5.e4 Bg7 6.Be2 Ngf6 7.O-O O-O 8.Qc2 c6
9.Rd1 Qe7 10.d5 c5 11.Bg5 h6 12.Bh4 g5 13.Bg3 Nh5 14.Nd2 Ndf6 15.Nf1 Nf4
16.f3 Re8 17.Ne3 a6 18.Bf2 g4 19.a3 h5 20.Bh4 Ng6 21.Bg5 Qf8 22.Nf5 Nh7 23.Qd2 gxf3
24.gxf3 Bxf5 25.exf5 Nf4 26.Bxf4 exf4 27.Qxf4 Be5 28.Qh4 Qh6 29.Kh1 Kh8 30.Bd3 Rg8
31.Ne4 Ng5 32.Nxg5 Rxg5 33.Rg1 Rag8 34.Rxg5 Qxg5 35.Qxg5 Rxg5 36.Rb1 a5 37.b4 axb4
38.axb4 b6 39.bxc5 bxc5 40.Rg1 Rxg1+  1/2-1/2

[Event "Osteropen"]
[Site "Essen-Borbeck GER"]
[Date "2001.04.16"]
[Round "9"]
[White "Friedrichs,K"]
[Black "Kedziora,C"]
[Result "1-0"]
[WhiteElo "2348"]
[BlackElo "2215"]

1.d4 Nf6 2.Nf3 g6 3.c4 Bg7 4.Nc3 O-O 5.e4 d6 6.Be2 e5 7.O-O Nbd7 8.Re1 c6
9.Bf1 Qe7 10.d5 c5 11.Bg5 h6 12.Bh4 g5 13.Bg3 Re8 14.Nd2 Nf8 15.a3 Ng6 16.b4 b6
17.Nb3 h5 18.f3 h4 19.Bf2 g4 20.bxc5 bxc5 21.Na5 g3 22.Be3 gxh2+ 23.Kxh2 Nh5
24.Nc6 Qf6 25.Nb5 Ngf4 26.Nc7 Bd7 27.Nxa8 Rxa8 28.Qb3 Re8 29.Ra2 Qg5 30.Rb1 Qg3+
31.Kg1 Bh6 32.Qc3 Nh3+ 33.Kh1 Bf4 34.Bxf4 Nf2+ 35.Rxf2 Qxf2 36.Bh2 Ng3+ 37.Bxg3 hxg3
38.Qe1 Kg7 39.Qxf2 Rh8+  1-0

[Event "Open"]
[Site "Dubai UAE"]
[Date "2001.04.17"]
[Round "3"]
[White "Magerramov,E"]
[Black "Fedorov,Alex"]
[Result "1/2-1/2"]
[WhiteElo "2556"]
[BlackElo "2590"]

1.d4 Nf6 2.c4 g6 3.Nc3 Bg7 4.e4 d6 5.Nf3 O-O 6.Be2 e5 7.Be3 Ng4 8.Bg5 f6
9.Bh4 Nc6 10.d5 Ne7 11.Nd2 h5 12.h3 Nh6 13.g4 hxg4 14.hxg4 Nf7 15.Qc2 Bd7
16.O-O-O Nc8 17.Bg3 Bh6 18.Rh2 Kg7 19.Rdh1 Rh8 20.Kb1  1/2-1/2

[Event "Classics IMA"]
[Site "Gausdal NOR"]
[Date "2001.04.17"]
[Round "3"]
[White "Caoili,A"]
[Black "Petrov,M"]
[Result "0-1"]
[WhiteElo "2140"]
[BlackElo "2425"]

1.c4 g6 2.d4 Bg7 3.Nc3 Nf6 4.e4 d6 5.Nf3 O-O 6.Be2 e5 7.Be3 Ng4 8.Bg5 f6
9.Bh4 Nc6 10.d5 Ne7 11.Nd2 Nh6 12.f3 Nf7 13.Bf2 f5 14.c5 g5 15.Rc1 Ng6 16.cxd6 Nxd6
17.O-O Nf4 18.Nb5 Bd7 19.Nxd6 cxd6 20.Rc3 h5 21.Re1 Nxe2+ 22.Qxe2 f4 23.a4 g4
24.Qc4 g3 25.hxg3 fxg3 26.Be3 Qh4 27.Qc7 Bxa4 28.Qxd6 Qh2+ 29.Kf1 Bb5+ 30.Nc4 Rxf3+
31.Ke2 Qxg2+ 32.Kd1 Rf1 33.Qg6 Rxe1+ 34.Kxe1 Rf8 35.Bf4 Rxf4  0-1

[Event "Open"]
[Site "Dubai UAE"]
[Date "2001.04.18"]
[Round "4"]
[White "Alibaev,A"]
[Black "Safin,S"]
[Result "0-1"]
[WhiteElo "2287"]
[BlackElo "2504"]

1.c4 g6 2.e4 Bg7 3.d4 d6 4.Nc3 Nf6 5.Be2 O-O 6.Nf3 e5 7.Be3 Na6 8.O-O Ng4
9.Bg5 Qe8 10.d5 f5 11.Nd2 h6 12.Bh4 Nf6 13.f3 g5 14.Bf2 f4 15.a3 Qg6 16.b4 g4
17.Qe1 b6 18.Nb3 Rf7 19.c5 bxc5 20.bxc5 Bf8 21.cxd6 cxd6 22.Bh4 h5 23.Na5 Nc5
24.Nc6 Rg7 25.Ra2 gxf3 26.Bxf3 Ng4 27.Qd2 Ne3 28.Re1 Bg4 29.Rxe3 fxe3 30.Qxe3 Bxf3
31.Qxf3 Qg4 32.Qxg4 Rxg4 33.Bf2 Nxe4 34.Nxe4 Rxe4 35.Nxa7 Rb8 36.g3 Ra4 37.Nc6 Rb3
38.Nd8 e4 39.Ne6 e3 40.Be1 Rbxa3 41.Rc2 Ra1 42.Kf1 R4a2  0-1

[Event "zt3.3"]
[Site "HeiBei CHN"]
[Date "2001.04.19"]
[Round "4"]
[White "Liang Chong"]
[Black "Ye Jiangchuan"]
[Result "1/2-1/2"]
[WhiteElo "2560"]
[BlackElo "2671"]

1.d4 d6 2.c4 g6 3.Nc3 Bg7 4.e4 Nf6 5.Nf3 O-O 6.Be2 e5 7.d5 a5 8.Bg5 h6 9.Bh4 Na6
10.Nd2 Qe8 11.O-O Bd7 12.b3 Nh7 13.a3 h5 14.f3 Bh6 15.Kh1 Be3 16.Qc2 g5 17.Bf2 Bxf2
18.Rxf2 h4 19.Rg1 Qe7 20.g3 Kh8 21.Nf1 f5 22.Ne3 f4 23.Nf5 Qf6 24.gxh4 gxh4
25.Rfg2 Rg8 26.Bf1 Raf8 27.Qf2 Bxf5 28.exf5 Rg3 29.hxg3 hxg3 30.Rxg3 fxg3
31.Qxg3 Qh6+ 32.Qh3 Qf4 33.Qg4 Qh6+ 34.Qh3 Qf4 35.Qg4 Qh6+ 36.Qh3  1/2-1/2

[Event "4th Open"]
[Site "Tanta City EGY"]
[Date "2001.04.19"]
[Round "2"]
[White "Likavsky,T"]
[Black "Antoniewski,R"]
[Result "1/2-1/2"]
[WhiteElo "2425"]
[BlackElo "2456"]

1.d4 g6 2.c4 Bg7 3.Nf3 d6 4.Nc3 Nf6 5.e4 O-O 6.Be2 e5 7.O-O Qe8 8.dxe5 dxe5
9.b3 Na6 10.Ba3 c5 11.Nd2 b6 12.Nd5 Bb7 13.Qc2 Rc8 14.Rae1 Qe6 15.Bb2 Nb4
16.Qc3 Rfe8 17.a3 Nc6 18.Qg3  1/2-1/2

[Event "TSGM"]
[Site "Belgrade YUG"]
[Date "2001.04.20"]
[Round "10"]
[White "Zivanic,M"]
[Black "Sahovic,D"]
[Result "1-0"]
[WhiteElo "2403"]
[BlackElo "2446"]

1.d4 Nf6 2.c4 g6 3.Nc3 Bg7 4.e4 d6 5.Nf3 O-O 6.Be2 e5 7.Be3 Nc6 8.d5 Ne7
9.Nd2 c5 10.g4 Ne8 11.g5 f5 12.gxf6 Nxf6 13.h3 h5 14.Qc2 Nh7 15.O-O-O a6
16.Rdg1 Bd7 17.Rg2 Kh8 18.Nf3 b5 19.Qd2 Bf6 20.Ng5 Nxg5 21.Bxg5 Bxg5 22.Qxg5 Rf7
23.Bxh5 bxc4 24.Bxg6 Nxg6 25.Qxg6 Qe7 26.Rhg1 Raf8 27.Rg5 Be8 28.Rh5+ Rh7
29.Rxh7+ Qxh7 30.Qxd6  1-0

[Event "Classics GM"]
[Site "Gausdal NOR"]
[Date "2001.04.20"]
[Round "7"]
[White "Johannessen,LE"]
[Black "Trygstad,K"]
[Result "1/2-1/2"]
[WhiteElo "2407"]
[BlackElo "2322"]

1.Nf3 Nf6 2.c4 g6 3.Nc3 Bg7 4.e4 d6 5.d4 O-O 6.Be2 e5 7.O-O Na6 8.Be3 Ng4
9.Bg5 Qe8 10.dxe5 h6 11.Bc1 dxe5 12.h3 Nf6 13.Be3 Qe7 14.Nd5 Qd8 15.Nxf6+ Qxf6
16.c5 Nb8 17.b4 a6 18.Qa4 Nc6 19.b5 Nd4 20.Bxd4 exd4 21.bxa6 Qe7 22.Nxd4 Qxe4
23.Bf3 Qxd4 24.Qxd4 Bxd4 25.axb7 Bxb7 26.Bxb7  1/2-1/2

[Event "Open"]
[Site "Crans Montana SUI"]
[Date "2001.04.21"]
[Round "4"]
[White "Gheorghiu,F"]
[Black "Pahud,C"]
[Result "1-0"]
[WhiteElo "2478"]
[BlackElo "2106"]

1.d4 Nf6 2.Nf3 g6 3.c4 Bg7 4.Nc3 O-O 5.e4 d6 6.Be2 e5 7.Be3 h6 8.dxe5 Ng4
9.exd6 Nxe3 10.fxe3 Bxc3+ 11.bxc3 cxd6 12.O-O Na6 13.Qd4 Qe7 14.Rad1 Bg4
15.e5 Qe6 16.exd6 b6 17.Ng5 hxg5 18.Bxg4 Qe8 19.e4 Nc5 20.e5 Ne6 21.Bxe6 Qxe6
22.Rf6 Qd7 23.e6 fxe6 24.Rxg6+ Kh7 25.Rxg5  1-0

[Event "2nd ch-EUR Women"]
[Site "Warsaw POL"]
[Date "2001.04.22"]
[Round "1"]
[White "Jiretorn,E"]
[Black "Voiska,M"]
[Result "1/2-1/2"]
[WhiteElo "2106"]
[BlackElo "2320"]

1.d4 d6 2.c4 Nf6 3.Nc3 Nbd7 4.Nf3 g6 5.e4 Bg7 6.Be2 O-O 7.O-O e5 8.Re1 c6
9.Bf1 Qb6 10.dxe5 dxe5 11.a3 Rd8 12.Qc2 a5 13.h3 Bf8 14.Na4 Qc7 15.Be3 b6
16.Rad1 Re8 17.Rd2 Nc5 18.Nxc5 Bxc5 19.Bxc5 bxc5 20.Qd3 Nd7 21.Red1 Nf8 22.Qd6 Qb6
23.Qf6 Re6 24.Qh4 Qc7 25.Qd8 Qa7 26.Qh4 f6 27.Qh6 Re8 28.Qe3 Ne6 29.Rd6 Qc7
30.Qd2 Kg7 31.Rd3 Nd4 32.b4 axb4 33.axb4 Be6 34.bxc5 Bxc4 35.Rc3 Ra2 36.Qe3 Bxf1
37.Kxf1 Nxf3 38.Qxf3 Rd8 39.Rcd3 Raa8 40.Ke2 Rxd3 41.Qxd3 Ra4 42.Qd7+ Qxd7
43.Rxd7+ Kh6 44.Rd6 Rxe4+ 45.Kf3 Rc4 46.Rxc6 Kg5 47.g3 h5 48.Rc8 Kf5 49.c6 h4
50.g4+ Kg5 51.c7 Rc3+ 52.Kg2 Kf4 53.Rg8 Rxc7 54.Rxg6 Rf7 55.Rh6 f5 56.gxf5 Kg5
57.Rg6+  1/2-1/2

[Event "2nd ch-EUR Women"]
[Site "Warsaw POL"]
[Date "2001.04.22"]
[Round "1"]
[White "Bosboom Lanchava,T"]
[Black "Dimitrijevic,A"]
[Result "0-1"]
[WhiteElo "2351"]
[BlackElo "2152"]

1.d4 Nf6 2.c4 g6 3.Nc3 Bg7 4.e4 d6 5.Be2 O-O 6.Nf3 e5 7.d5 Nbd7 8.h4 c6 9.Nd2 a5
10.h5 Nc5 11.g4 h6 12.f3 Nh7 13.Nf1 Ng5 14.Be3 f5 15.Qd2 cxd5 16.Bxg5 hxg5
17.h6 Bf6 18.Qxd5+ Be6 19.Qd2 Qd7 20.gxf5 gxf5 21.Nd5 Bd8 22.Ng3 f4 23.Nh5 Rc8
24.O-O-O b5 25.Kb1 b4 26.Rdg1 Kh8 27.Bf1 g4 28.h7 Qf7 29.Ndxf4 exf4 30.Qxd6 Bf6
31.Nxf4 Rfd8 32.Qb6 Bd4 33.Rxg4 Bxg4 34.Ng6+ Kg7 35.h8=Q+ Rxh8 36.Nxh8 Rxh8
37.Rxh8 Kxh8 38.Qh6+ Kg8 39.Qg5+ Bg7 40.Qxg4 Qf6 41.Qc8+ Kh7 42.Qh3+ Bh6
43.Kc2 Ne6 44.Kb3 Nc5+ 45.Kc2 a4 46.Qh5 b3+ 47.Kb1 Qf4 48.Qf5+ Qxf5 49.exf5 Kg7
50.Bh3 Kf6 51.Bg4 Ke5 52.Bh3 Bg5 53.Ka1 Nd3 54.Bf1 Nc5 55.Bh3 Kd4 56.Bf1 Nd7
57.axb3 axb3 58.Be2 Ke3 59.Bd1 Nc5 60.Kb1 Bf4 61.f6 Kd2 62.f7 Bh6 63.Bxb3 Nxb3
64.Ka2 Kc2 65.Ka3 Bf8+ 66.Ka4 Kxb2 67.Kb5 Nc5 68.Kc6 Kc3 69.Kc7 Kxc4 70.Kd8 Kd5
71.f4 Ne6+ 72.Kd7 Nxf4 73.Ke8 Ng6 74.Kd7 Ke5  0-1